000 00611nam a22001937a 4500
005 20251108170121.0
008 250721s9999 xx 000 0 ara d
082 1 4 _aط/ق/مغر
100 1 _aالمغربي، امل
245 1 0 _aالطائرة الورق /
264 1 _aالقاهرة :
_bدار الفكر العربي،
_c[199-].
300 _a12ص. : مص
490 0 _aالزهور الجميلة
650 1 7 _aالقصص العربية
653 _aمرحلة أطفال ما قبل المدرسة (0-5)سنوات.
700 1 _aقطب، محمد
_eCart.
942 _2ddc
_cBK
999 _c40147
_d40147